000 00448nam a2200181Ia 4500
005 20250423100944.0
008 250422s9999 xx 000 0 und d
020 _a0-13-824673-4
050 _aQA 76.76D47 .D38/
100 _aAlan M. Davis
245 0 _aSoftware Requirements Analysis and Specification
260 _aUSA
260 _bEnglewood Cliffs, New Jersey
260 _c1990
300 _a516 p
650 _asciences
942 _cBK
999 _c34853
_d34853